Glass in architecture and decoration / (Record no. 95602)

MARC details
000 -LEADER
fixed length control field 00800nam a2200265 4500
008 - FIXED-LENGTH DATA ELEMENTS--GENERAL INFORMATION
fixed length control field
090 ## - LOCALLY ASSIGNED LC-TYPE CALL NUMBER (OCLC); LOCAL CALL NUMBER (RLIN)
Classification number (OCLC) (R) ; Classification number, CALL (RLIN) (NR) NA4140
Local cutter number (OCLC) ; Book number/undivided call number, CALL (RLIN) McM.
003 - CONTROL NUMBER IDENTIFIER
control field
005 - DATE AND TIME OF LATEST TRANSACTION
control field 20230120131029.0
040 ## - CATALOGING SOURCE
Transcribing agency NUST
049 ## - LOCAL HOLDINGS (OCLC)
Holding library MAIN
100 10 - MAIN ENTRY--PERSONAL NAME
Personal name McGrath, Raymond.
245 10 - TITLE STATEMENT
Title Glass in architecture and decoration /
Statement of responsibility, etc. Raymond McGrath and A. C. Frost.
250 ## - EDITION STATEMENT
Edition statement New ed. rev.
260 0# - PUBLICATION, DISTRIBUTION, ETC.
Place of publication, distribution, etc. London :
Name of publisher, distributor, etc. Architectural Press
Date of publication, distribution, etc. 1961.
300 ## - PHYSICAL DESCRIPTION
Extent 712 p.
Other physical details ill., plates (part col.) diagrs.
Dimensions 32 cm.
500 ## - GENERAL NOTE
General note Includes index.
504 ## - BIBLIOGRAPHY, ETC. NOTE
Bibliography, etc. note Includes bibliographical refernces.
650 #0 - SUBJECT ADDED ENTRY--TOPICAL TERM
Topical term or geographic name entry element Glass.
650 #0 - SUBJECT ADDED ENTRY--TOPICAL TERM
Topical term or geographic name entry element Glass construction.
650 #0 - SUBJECT ADDED ENTRY--TOPICAL TERM
Topical term or geographic name entry element Glass, Ornamental.
700 10 - ADDED ENTRY--PERSONAL NAME
Personal name Frost, Albert Childerstone.
907 ## - LOCAL DATA ELEMENT G, LDG (RLIN)
a .b10191045
b 07-01-13
c 08-02-06
942 ## - ADDED ENTRY ELEMENTS (KOHA)
Koha item type Ordinary Loan Books
Call number prefix NA4140
Call number suffix McM.
Holdings
Date last seen Total Checkouts Full call number Barcode Cost, replacement price Price effective from Koha item type Lost status Source of classification or shelving scheme Damaged status Not for loan Collection Withdrawn status Home library Current library Shelving location Date acquired Cost, normal purchase price
01/20/2023   NA4140 MCG 92004003426 80.00 01/20/2023 BOOKS   LCC     NFIC   FOBE FOBE GEN 01/20/2023 80.00